Экономическая оценка ущерба от радиационной чрезвычайной ситуации: монография

التفاصيل البيبلوغرافية
المؤلف الرئيسي: Козлова Н. И. Наталья Ивановна
مؤلف مشترك: Курганский государственный университет (КГУ)
الملخص:Монография посвящена изучению теоретических, методологических и методических подходов к определению экономического ущерба от радиационной чрезвычайной ситуации (ЧС); вводится новая категория «интегральный ущерб», рассчитанный на примере Курганской области, который является инструментом для выяснения и определения оптимального объема проводимых защитных мероприятий и направлений экологической и социально-экономической реабилитации населения и территорий, попавших в зону радиоактивного загрязнения.
اللغة:الروسية
منشور في: Курган, Изд-во Курганского гос. ун-та, 2008
الموضوعات:
التنسيق: MixedMaterials كتاب
KOHA link:https://koha.lib.tpu.ru/cgi-bin/koha/opac-detail.pl?biblionumber=171245

MARC

LEADER 00000nam0a2200000 4500
001 171245
005 20231101222938.0
010 |a 9785863289410 
035 |a (RuTPU)RU\TPU\book\185703 
090 |a 171245 
100 |a 20091202d2008 k y0rusy50 ca 
101 0 |a rus 
102 |a RU 
105 |a a z 001zy 
200 1 |a Экономическая оценка ущерба от радиационной чрезвычайной ситуации  |e монография  |f Н. И. Козлова  |g Курганский государственный университет (КГУ) 
210 |a Курган  |c Изд-во Курганского гос. ун-та  |d 2008 
215 |a 194 с.  |c ил. 
320 |a Библиогр.: с. 144-168. 
330 |a Монография посвящена изучению теоретических, методологических и методических подходов к определению экономического ущерба от радиационной чрезвычайной ситуации (ЧС); вводится новая категория «интегральный ущерб», рассчитанный на примере Курганской области, который является инструментом для выяснения и определения оптимального объема проводимых защитных мероприятий и направлений экологической и социально-экономической реабилитации населения и территорий, попавших в зону радиоактивного загрязнения. 
606 1 |a Экосистемы техногенные  |2 stltpush  |3 (RuTPU)RU\TPU\subj\42260 
606 1 |a Экономика природопользования  |2 stltpush  |3 (RuTPU)RU\TPU\subj\26563  |9 50463 
610 1 |a радиационное загрязнение 
610 1 |a экология 
610 1 |a ущерб 
610 1 |a экономическая оценка 
610 1 |a чрезвычайные ситуации 
610 1 |a экономический ущерб 
610 1 |a окружающая природная среда 
610 1 |a методология 
610 1 |a радиационные чрезвычайные ситуации 
610 1 |a радиоактивные сбросы 
610 1 |a эмиссия 
610 1 |a экологические последствия 
610 1 |a население 
610 1 |a реабилитация 
610 1 |a монографии 
675 |a 504.05  |v 3 
686 |a У9(2)28  |v LBC/SL-A  |2 rubbk 
700 1 |a Козлова  |b Н. И.  |g Наталья Ивановна 
712 0 2 |a Курганский государственный университет (КГУ)  |2 stltpush  |3 (RuTPU)RU\TPU\col\68 
801 1 |a RU  |b 63413507  |c 20091202 
801 2 |a RU  |b 63413507  |c 20211008  |g RCR 
900 |a Устойчивость объектов экономики в чрезвычайных ситуациях 
900 |a Радиационная и химическая защита 
942 |c BK